00453nam a2200181Ia 450000500170000000800460001703700130006304000180007604100130009408400250010710000180013224500350015025000090018526000470019430000080024136500140024965000080026320250505124955.0008 250505s9999 xx 000 0 eng d aTextbook aLCObengcLCO aeng2eng aZ2,7,11q N08 R4qLCO aTakwani, C.K. 0aCivil Procedurec C.K. Takwani a10th aLucknow, IndiabEastern Book Companyc2024 a848 aINRb1095 aLaw